Gaming Quiz

Random Gaming or Letter Quiz

Pokemon Moves A-Z Quiz Stats

 Plays Quiz Updated Nov 21, 2016

Challenge
Share
Tweet
Embed
Score 0/28 Timer 08:00
6 Plays Today
Letter Move % Correct
FFacade
88.2%
TTackle
86.4%
BBaby-doll Eyes
85.8%
DDark Pulse
84.8%
HHail
82.3%
AAbsorb
82.2%
CCalm Mind
82.1%
Sk-SpSketch
81.2%
Sa-SiSacred Fire
81.2%
EEarth Power
80.6%
RRage
78.4%
PPain Split
77.3%
WWake-Up Slap
77%
St-SyStealth Rock
76.5%
Letter Move % Correct
GGastro Acid
76.3%
IIce Ball
75.6%
LLand's Wrath
74.9%
MMach Punch
74.2%
VV-Create
61.8%
QQuash
58.2%
OOblivion Wing
50.2%
NNasty Plot
49%
JJudgment
45.9%
UU-Turn
44.7%
ZZap Cannon
43.2%
KKarate Chop
41.4%
XX-Scissor
40.9%
YYawn
33.7%

You're not logged in!

Compare scores with friends on all Sporcle quizzes.
Join for Free
OR
Log In

You Might Also Like...

Show Comments

Extras

Top Quizzes Today


Score Distribution

Your Account Isn't Verified!

In order to create a playlist on Sporcle, you need to verify the email address you used during registration. Go to your Sporcle Settings to finish the process.

Report this User

Report this user for behavior that violates our Community Guidelines.

Details: